| 000 | 00724nam a2200265Ia 4500 | ||
|---|---|---|---|
| 001 | 26004 | ||
| 005 | 20240114000906.0 | ||
| 007 | ta | ||
| 008 | 060503s1991 g b000 u 465 u | ||
| 040 | _aCotton College,Assam | ||
| 041 | _a465 | ||
| 082 |
_a001.642 _bRa 137 Co |
||
| 100 | _aRajaraman , Dharma . | ||
| 245 | 0 |
_aComputer Primer / _cDharma Rajaraman & V.Rajaraman. _hTextual Documents |
|
| 250 | _a1st ed. / | ||
| 260 |
_aNew Delhi : _bPrentice-Hall of India(Pvt Ltd) , _c1991. |
||
| 300 |
_avii,420p. ; _c22cm. |
||
| 504 | _aIndex | ||
| 653 | _aComputer Science | ||
| 653 | _aG-Computer Science | ||
| 700 | _aRajaraman, V. . | ||
| 942 |
_2ddc _cBK |
||
| 999 |
_c25986 _d25986 |
||